[Event "Cto Aragón Equipos Pref Gr II"]
[Site "Aragon"]
[Date "2014.02.01"]
[Round "2.53"]
[White "Lopez Caudevilla, David"]
[Black "Sebastian Bespin, Ruben"]
[Result "1-0"]
[WhiteElo "2057"]
[BlackElo "2153"]
[PlyCount "47"]
[EventDate "2014.??.??"]
[WhiteTeam "Actur Rey Fernando"]
[BlackTeam "Marcos Frechin"]

1. e4 c5 2. Nc3 Nc6 3. g3 d6 4. Bg2 g6 5. d3 Bg7 6. Be3 e6 7. Qd2 Nge7 8. Bh6
Bxh6 9. Qxh6 Nd4 10. O-O-O Qa5 11. Nh3 b5 12. Ng5 b4 13. Nd5 exd5 14. Qg7 Rg8
15. Qxf7+ Kd8 16. exd5 Qa4 17. Kb1 Qxc2+ 18. Ka1 Rb8 19. Rde1 Re8 20. Rxe7 Rxe7
21. Qf8+ Kd7 22. Bh3+ Nf5 23. Ne6 Ba6 24. Qxb8 1-0

[Event "Cto Aragón Equipos Pref Gr II"]
[Site "Aragon"]
[Date "2014.02.01"]
[Round "2.54"]
[White "Portero Garnica, Miguel Angel"]
[Black "Aviol Perez, Jose Mariano"]
[Result "1-0"]
[WhiteElo "2124"]
[BlackElo "1958"]
[PlyCount "91"]
[EventDate "2014.??.??"]
[WhiteTeam "Marcos Frechin"]
[BlackTeam "Actur Rey Fernando"]

1. e4 d6 2. d4 Nf6 3. Nc3 g6 4. Bc4 Bg7 5. Nf3 O-O 6. Qe2 Nc6 7. h3 e5 8. dxe5
dxe5 9. O-O Nd4 10. Qd3 Nd7 11. b4 Nb6 12. Nd2 Qe7 13. Nd5 Nxd5 14. Bxd5 c6 15.
Bc4 b5 16. Bb3 Nxb3 17. axb3 Be6 18. Nf3 f5 19. Ng5 Rad8 20. Qc3 Bd7 21. Qc5
Qxc5 22. bxc5 h6 23. Nf3 Ra8 24. Rd1 Be8 25. Ra6 Rf7 26. Rd6 Re7 27. exf5 gxf5
28. Bxh6 Bh8 29. Bg5 Rd7 30. Nh4 Rxd6 31. cxd6 Bd7 32. Ng6 c5 33. Nxh8 Kxh8 34.
Bf6+ Kg8 35. Bxe5 Kf7 36. f4 Ke6 37. Kf2 Kd5 38. Kf3 b4 39. h4 Bb5 40. Ra1 a5
41. h5 Be8 42. h6 Bg6 43. d7 Rd8 44. Rd1+ Ke6 45. Rd6+ Kf7 46. Bf6 1-0

[Event "Cto Aragón Equipos Pref Gr II"]
[Site "Aragon"]
[Date "2014.02.01"]
[Round "2.55"]
[White "Leon Dionis, Mateo"]
[Black "Sancho Cortes, Miguel Angel"]
[Result "0-1"]
[WhiteElo "1788"]
[BlackElo "2050"]
[PlyCount "62"]
[EventDate "2014.??.??"]
[WhiteTeam "Actur Rey Fernando"]
[BlackTeam "Marcos Frechin"]

1. d4 Nf6 2. c4 e5 3. d5 Bc5 4. e3 d6 5. Nc3 O-O 6. Nge2 c6 7. Ng3 cxd5 8. Nxd5
Nxd5 9. Qxd5 Nc6 10. a3 a5 11. Be2 Be6 12. Qd1 f5 13. O-O Qe7 14. Bd2 Rad8 15.
Qa4 f4 16. Ne4 f3 17. Bxf3 Rxf3 18. gxf3 Qf7 19. Qd1 Bxc4 20. Re1 Bd5 21. Bc3
Qg6+ 22. Ng3 Ne7 23. e4 Bc6 24. Bxe5 h5 25. h4 Rf8 26. Bc3 Qxg3+ 27. Kh1 Qxh4+
28. Kg2 Qxf2+ 29. Kh1 Rxf3 30. Qb3+ Kh7 31. Qe6 Rg3 0-1

[Event "Cto Aragón Equipos Pref Gr II"]
[Site "Aragon"]
[Date "2014.02.01"]
[Round "2.56"]
[White "Ciriano Lamban, Alejandro"]
[Black "Fernandez Sierra, Pedro Jose"]
[Result "1-0"]
[WhiteElo "1818"]
[BlackElo "1706"]
[PlyCount "63"]
[EventDate "2014.??.??"]
[WhiteTeam "Marcos Frechin"]
[BlackTeam "Actur Rey Fernando"]

1. d4 Nf6 2. Nf3 c5 3. g3 e6 4. Bg2 d5 5. O-O Nc6 6. c4 dxc4 7. Qa4 Bd7 8. Qxc4
cxd4 9. Nxd4 Nxd4 10. Qxd4 Bc6 11. Bxc6+ bxc6 12. Qa4 Qb6 13. Be3 Qb5 14. Qc2
Be7 15. Nc3 Qh5 16. f3 O-O 17. Rac1 Nd5 18. Bf2 Bg5 19. Nxd5 Bxc1 20. Ne7+ Kh8
21. Rxc1 Qg5 22. Nxc6 Rfc8 23. Qc5 Qd2 24. Qc3 Qxe2 25. Bd4 e5 26. Bxe5 Rxc6
27. Qxc6 Qe3+ 28. Kg2 Qd2+ 29. Kh3 Qd8 30. Rd1 Qg8 31. Bc7 Rc8 32. Qd7 1-0

[Event "Cto Aragón Equipos Pref Gr II"]
[Site "Aragon"]
[Date "2014.02.01"]
[Round "2.58"]
[White "Turon Perez, David"]
[Black "Bailo Remacha, Santiago"]
[Result "0-1"]
[WhiteElo "1924"]
[BlackElo "2016"]
[PlyCount "44"]
[EventDate "2014.??.??"]
[WhiteTeam "Tauste B"]
[BlackTeam "El Olivar C"]

1. e4 c5 2. Nc3 d6 3. d4 cxd4 4. Qxd4 a6 5. Be3 Nc6 6. Qb6 Qxb6 7. Bxb6 Nf6 8.
Nf3 g6 9. O-O-O Bg7 10. Bc4 Nd7 11. Nd5 O-O 12. Bc7 b5 13. Bb3 a5 14. a4 Ba6
15. Rhe1 Rac8 16. Bb6 e6 17. Nc7 bxa4 18. Nxa6 axb3 19. Bc7 Nb4 20. Nxb4 axb4
21. Bxd6 Rxc2+ 22. Kb1 Rxb2+ 0-1

[Event "Cto Aragón Equipos Pref Gr II"]
[Site "Aragon"]
[Date "2014.02.01"]
[Round "2.59"]
[White "Correas Marcen, Jose Maria"]
[Black "San Lazaro Lorente, David"]
[Result "1-0"]
[WhiteElo "2005"]
[BlackElo "1778"]
[PlyCount "57"]
[EventDate "2014.??.??"]
[WhiteTeam "El Olivar C"]
[BlackTeam "Tauste B"]

1. Nf3 d5 2. g3 Bg4 3. Bg2 Nd7 4. O-O e6 5. b3 Ngf6 6. Bb2 Bxf3 7. Bxf3 g6 8.
d3 Bg7 9. e4 dxe4 10. dxe4 c6 11. c4 Qc7 12. Qe2 Ne5 13. Bg2 O-O 14. f4 Ned7
15. e5 Ne8 16. Nd2 Qb6+ 17. Kh1 Nc7 18. Ne4 Rfd8 19. Rad1 Ne8 20. Rd2 Bf8 21.
Rfd1 Qc7 22. Qf2 Nb6 23. Nd6 Rd7 24. a4 Rad8 25. a5 Nc8 26. Nxe8 Rxd2 27. Nf6+
Kh8 28. Rxd2 Qxa5 29. Bc3 1-0

[Event "Cto Aragón Equipos Pref Gr II"]
[Site "Aragon"]
[Date "2014.02.01"]
[Round "2.60"]
[White "Garcia Betore, Jesus"]
[Black "Bayod Rubia, Angel"]
[Result "0-1"]
[WhiteElo "1665"]
[BlackElo "2002"]
[PlyCount "70"]
[EventDate "2014.??.??"]
[WhiteTeam "Tauste B"]
[BlackTeam "El Olivar C"]

1. e4 e5 2. Nf3 Nf6 3. Nxe5 d6 4. Nf3 Nxe4 5. Nc3 Nxc3 6. dxc3 Be7 7. Be3 Nc6
8. Qd2 Bg4 9. Be2 Qd7 10. h3 Be6 11. Nd4 Nxd4 12. cxd4 d5 13. Bd3 Bd6 14. Bf4
O-O-O 15. Bxd6 Qxd6 16. O-O-O h5 17. Rhe1 Kb8 18. Re3 Qb6 19. c3 Rd6 20. Rde1
Rc8 21. Re5 g6 22. Qe2 Qa5 23. a3 Bd7 24. Re7 f5 25. f4 a6 26. Qd2 Qa4 27. Qc2
Qa5 28. R1e5 Rd8 29. c4 Ba4 30. Qe2 c5 31. R5e6 Rxe6 32. Qxe6 dxc4 33. Qe5+ Ka8
34. b4 cxb3 35. Qg7 Qc3+ 0-1

[Event "Cto Aragón Equipos Pref Gr II"]
[Site "Aragon"]
[Date "2014.02.01"]
[Round "2.62"]
[White "Sanmiguel Mateo, Luis"]
[Black "Larios Villa, Francisco Javier"]
[Result "1/2-1/2"]
[WhiteElo "1900"]
[BlackElo "1929"]
[PlyCount "118"]
[EventDate "2014.??.??"]
[WhiteTeam "Calatayud"]
[BlackTeam "Ejea"]

1. e3 c5 2. b3 Nc6 3. Bb2 Nf6 4. f4 d6 5. Nf3 Bg4 6. Bb5 a6 7. Bxc6+ bxc6 8. h3
Bd7 9. Qe2 Ne4 10. Rg1 e6 11. g4 d5 12. Nc3 Be7 13. O-O-O Qa5 14. Kb1 Nd6 15.
Ne5 c4 16. Rc1 f6 17. Nf3 c5 18. d4 cxb3 19. cxb3 c4 20. Nd2 Rb8 21. bxc4 Qb4
22. Rc2 dxc4 23. Kc1 Bb5 24. Kd1 Ba4 25. Nxa4 Qxa4 26. Bc3 O-O 27. Rg2 Nb5 28.
Qxc4 Nxc3+ 29. Qxc3 Rfc8 30. Qd3 Rb2 31. Nb3 Rcxc2 32. Rxc2 Qxa2 33. Rxb2 Qxb2
34. Qc4 Qb1+ 35. Ke2 Qe4 36. f5 Qg2+ 37. Kd3 Qf1+ 38. Kc3 Qxc4+ 39. Kxc4 exf5
40. gxf5 Kf7 41. Nc5 Bxc5 42. Kxc5 Ke7 43. Kc6 Kd8 44. Kb6 Kd7 45. Kxa6 Kd6 46.
Kb5 g6 47. fxg6 hxg6 48. Kc4 f5 49. h4 Ke6 50. Kd3 Kd5 51. Ke2 Ke4 52. Kf2 f4
53. exf4 Kxd4 54. Kg3 Kd5 55. Kg4 Ke6 56. Kg5 Kf7 57. Kh6 Kf6 58. Kh7 Kf7 59.
Kh6 Kf6 1/2-1/2

[Event "Cto Aragón Equipos Pref Gr II"]
[Site "Aragon"]
[Date "2014.02.01"]
[Round "2.64"]
[White "Garcia Arrazola, Jesus Maria"]
[Black "Marcellan Peire, Jesus Eduardo"]
[Result "0-1"]
[WhiteElo "1641"]
[BlackElo "1886"]
[PlyCount "74"]
[EventDate "2014.??.??"]
[WhiteTeam "Calatayud"]
[BlackTeam "Ejea"]

1. Nf3 Nf6 2. c4 g6 3. Nc3 Bg7 4. e4 d6 5. d4 O-O 6. Be2 Nbd7 7. O-O c5 8. h3
cxd4 9. Nxd4 Nc5 10. f3 a6 11. Be3 Nh5 12. Qe1 e5 13. Nc2 f5 14. exf5 Bxf5 15.
Nb4 Nf4 16. g4 Be6 17. Bxf4 exf4 18. Rb1 Rc8 19. Nbd5 Kh8 20. b3 Nd7 21. Ne4
Bxd5 22. cxd5 Nc5 23. a4 Re8 24. Bc4 Nxe4 25. fxe4 Be5 26. Rf3 Qg5 27. Qb4 h5
28. Qd2 hxg4 29. hxg4 Qxg4+ 30. Qg2 Qxg2+ 31. Kxg2 Kg7 32. Rh1 Rh8 33. Rfh3
Rxh3 34. Rxh3 g5 35. Kf3 Kg6 36. Kg4 Bf6 37. Rc3 Bxc3 0-1

[Event "Cto Aragón Equipos Pref Gr II"]
[Site "Aragon"]
[Date "2014.02.01"]
[Round "2.65"]
[White "Malo Guillen, Jose Luis"]
[Black "Gines Abad, Pedro"]
[Result "1/2-1/2"]
[WhiteElo "2211"]
[BlackElo "2003"]
[PlyCount "31"]
[EventDate "2014.??.??"]
[WhiteTeam "Las Fuentes"]
[BlackTeam "IberCaja B "]

1. d4 Nf6 2. c4 e6 3. g3 Be7 4. Nf3 d5 5. Bg2 O-O 6. O-O dxc4 7. Ne5 Nc6 8.
Bxc6 bxc6 9. Nxc6 Qe8 10. Nxe7+ Qxe7 11. Qa4 e5 12. dxe5 Qxe5 13. Qxc4 Be6 14.
Qc2 Bf5 15. Qc4 Be6 16. Qc2 1/2-1/2

[Event "Cto Aragón Equipos Pref Gr II"]
[Site "Aragon"]
[Date "2014.02.01"]
[Round "2.66"]
[White "Gines Esteo, Pedro Antonio"]
[Black "Alonso Blasco, Jose Miguel"]
[Result "1/2-1/2"]
[WhiteElo "1778"]
[BlackElo "2105"]
[PlyCount "115"]
[EventDate "2014.??.??"]
[WhiteTeam "IberCaja B "]
[BlackTeam "Las Fuentes"]

1. e4 c6 2. d4 d5 3. Nc3 dxe4 4. Nxe4 Nf6 5. Nxf6+ gxf6 6. Nf3 Bf5 7. Bd3 Bg6
8. Bf4 e6 9. Bxg6 hxg6 10. Qe2 Bd6 11. Bxd6 Qxd6 12. O-O-O Nd7 13. Kb1 O-O-O
14. Rhe1 Nb6 15. h4 Kb8 16. g3 Qd5 17. c3 Nc4 18. b3 Nd6 19. Qd3 b5 20. Ka1 Kc7
21. Nd2 c5 22. Qf3 Qxf3 23. Nxf3 c4 24. Nd2 Rh5 25. Ne4 Nxe4 26. Rxe4 Rhd5 27.
Rde1 Kc6 28. f4 a5 29. Kb2 Rb8 30. g4 Rh8 31. Rh1 f5 32. gxf5 Rxf5 33. Re5 Rhh5
34. Rxf5 Rxf5 35. Rf1 Kd5 36. Re1 cxb3 37. axb3 Rxf4 38. Re5+ Kc6 39. h5 gxh5
40. Rxh5 Kb6 41. Kc2 Rf2+ 42. Kd3 Rf3+ 43. Kc2 Rf5 44. Rh8 a4 45. Rb8+ Ka7 46.
Rd8 Rf2+ 47. Kb1 axb3 48. Re8 Kb6 49. Rb8+ Ka6 50. Re8 Kb7 51. Re7+ Kc6 52. Re8
Kb7 53. Re7+ Kb6 54. Re8 Rf5 55. Kb2 b4 56. Rb8+ Ka5 57. Ra8+ Kb5 58. Rb8+
1/2-1/2

[Event "Cto Aragón Equipos Pref Gr II"]
[Site "Aragon"]
[Date "2014.02.01"]
[Round "2.67"]
[White "Mombiela De Sus, Jose Luis"]
[Black "Torcal Andolz, Alfonso"]
[Result "1-0"]
[WhiteElo "2050"]
[BlackElo "1766"]
[PlyCount "109"]
[EventDate "2014.??.??"]
[WhiteTeam "Las Fuentes"]
[BlackTeam "IberCaja B "]

1. c4 Nf6 2. g3 g6 3. Bg2 Bg7 4. Nc3 O-O 5. e4 d6 6. Nge2 c5 7. O-O Nc6 8. d3
Rb8 9. h3 a6 10. f4 Bd7 11. g4 b5 12. Ng3 e6 13. f5 exf5 14. exf5 gxf5 15. Bg5
Qc7 16. Nxf5 Bxf5 17. Rxf5 Nd7 18. Qd2 Nd4 19. Nd5 Qa7 20. Ne7+ Kh8 21. Bh6
Nxf5 22. Nxf5 Bxh6 23. Qxh6 Rg8 24. Qxd6 Rg6 25. Qf4 Re8 26. Be4 Qb8 27. Qxb8
Rxb8 28. Ne3 Re6 29. Rf1 Kg7 30. Rf3 Ne5 31. Rf2 Nxd3 32. Nf5+ Kg8 33. Bxd3 Rd8
34. Bf1 Re1 35. cxb5 axb5 36. Kg2 Rdd1 37. Bxb5 Rg1+ 38. Kh2 Rh1+ 39. Kg3 Rdg1+
40. Kh4 Rc1 41. Nd6 Rce1 42. Rf3 Re6 43. Nf5 Rb6 44. Rd3 h6 45. a4 Kh7 46. b3
f6 47. Bc4 Re1 48. a5 Rb8 49. a6 Ree8 50. a7 Ra8 51. Rd7+ Kh8 52. Kh5 Re1 53.
Kxh6 Re7 54. Rxe7 Rxa7 55. Re8# 1-0

[Event "Cto Aragón Equipos Pref Gr II"]
[Site "Aragon"]
[Date "2014.02.01"]
[Round "2.68"]
[White "Torcal Miguel, Oscar"]
[Black "Javierre Conesa, Alfonso"]
[Result "1-0"]
[WhiteElo "1697"]
[BlackElo "1989"]
[PlyCount "103"]
[EventDate "2014.??.??"]
[WhiteTeam "IberCaja B "]
[BlackTeam "Las Fuentes"]

1. e4 d6 2. d4 Nf6 3. Nc3 g6 4. Nf3 Bg7 5. h3 c6 6. Be3 Qc7 7. Be2 Nbd7 8. O-O
O-O 9. a4 e5 10. dxe5 dxe5 11. Qd2 b6 12. Bc4 Bb7 13. Rad1 Rad8 14. Qd6 Rc8 15.
Rd2 h6 16. Rfd1 Qxd6 17. Rxd6 Rc7 18. Nh4 Kh7 19. g4 Bc8 20. Nf3 Ne8 21. R6d2
Nef6 22. Kg2 Ng8 23. h4 Ndf6 24. g5 Ng4 25. Rd8 Nxe3+ 26. fxe3 Bg4 27. Ne2 Rxd8
28. Rxd8 Bxf3+ 29. Kxf3 a6 30. b4 c5 31. bxc5 Rxc5 32. Bxf7 Ne7 33. Bb3 b5 34.
axb5 axb5 35. Ng1 Nc6 36. Rd5 Rc3 37. Ne2 Nd4+ 38. Kf2 Nxe2 39. Kxe2 b4 40. Rb5
Bf8 41. Rxe5 hxg5 42. hxg5 Kg7 43. Rb5 Be7 44. Kf3 Bc5 45. Kg4 Bxe3 46. e5 Rc5
47. Rb7+ Kf8 48. e6 Rxg5+ 49. Kf3 Re5 50. Rf7+ Ke8 51. Ba4+ Kd8 52. Rd7+ 1-0

[Event "Cto Aragón Equipos Pref Gr II"]
[Site "Aragon"]
[Date "2014.02.01"]
[Round "2.69"]
[White "Labena Bernal, Antonio"]
[Black "Sanz Lopez, Ruben"]
[Result "1-0"]
[WhiteElo "2091"]
[BlackElo "1955"]
[PlyCount "87"]
[EventDate "2014.??.??"]
[WhiteTeam "St. Casablanca C"]
[BlackTeam "ONCE CA Aragon B"]

1. e4 c5 2. c3 d5 3. exd5 Qxd5 4. d4 Nf6 5. Nf3 Bg4 6. dxc5 Qxd1+ 7. Kxd1 e5 8.
b4 e4 9. h3 exf3 10. hxg4 Nxg4 11. Bb5+ Nc6 12. Re1+ Be7 13. gxf3 O-O-O+ 14.
Kc2 Nge5 15. Bxc6 Nxc6 16. b5 Bxc5 17. bxc6 bxc6 18. Be3 Rhe8 19. Nd2 Bxe3 20.
Rxe3 Rxe3 21. fxe3 Rd5 22. Rh1 h5 23. e4 Ra5 24. Kd3 f5 25. e5 Rd5+ 26. Kc2
Rxe5 27. Rxh5 g6 28. Rh7 Ra5 29. Kb3 Rb5+ 30. Kc2 Ra5 31. Kb2 Rb5+ 32. Nb3 c5
33. a4 Rb6 34. Kc2 c4 35. Na5 Ra6 36. Nxc4 Rxa4 37. Kb3 Ra1 38. Rg7 Rg1 39.
Rxa7 Rg3 40. Ne5 g5 41. Rf7 f4 42. Kc4 Rg1 43. Kc5 Rc1 44. c4 1-0

[Event "Cto Aragón Equipos Pref Gr II"]
[Site "Aragon"]
[Date "2014.02.01"]
[Round "2.70"]
[White "Landa Garriga, Francisco Javie"]
[Black "Antonano Fedz-Quincoces, Aveli"]
[Result "1/2-1/2"]
[WhiteElo "1857"]
[BlackElo "2047"]
[PlyCount "31"]
[EventDate "2014.??.??"]
[WhiteTeam "ONCE CA Aragon B"]
[BlackTeam "St. Casablanca C"]

1. e4 c5 2. c3 d5 3. exd5 Qxd5 4. d4 g6 5. Nf3 Bg7 6. Na3 cxd4 7. Nb5 Na6 8.
Nbxd4 e5 9. Bb5+ Kf8 10. Qb3 Qe4+ 11. Ne2 Be6 12. Qa3+ Ne7 13. O-O Nc7 14. Ng3
Nxb5 15. Qxe7+ Kxe7 16. Nxe4 1/2-1/2

[Event "Cto Aragón Equipos Pref Gr II"]
[Site "Aragon"]
[Date "2014.02.01"]
[Round "2.71"]
[White "Calvo Mayayo, Jose Maria"]
[Black "Soriano Gracia, Manuel"]
[Result "1-0"]
[WhiteElo "1931"]
[BlackElo "1782"]
[PlyCount "73"]
[EventDate "2014.??.??"]
[WhiteTeam "St. Casablanca C"]
[BlackTeam "ONCE CA Aragon B"]

1. c4 c6 2. e4 g6 3. Nc3 Bg7 4. d4 d6 5. Be2 Nd7 6. Nf3 c5 7. O-O cxd4 8. Nxd4
Ngf6 9. Be3 O-O 10. Qd2 Ne5 11. f3 a6 12. Rfc1 Bd7 13. a4 Rc8 14. b3 Nc6 15.
Nxc6 Bxc6 16. a5 Nd7 17. b4 Ne5 18. b5 Bd7 19. Ra4 Qe8 20. Rb4 axb5 21. cxb5
Ra8 22. Bb6 Be6 23. Nd5 Bxd5 24. Qxd5 Nd7 25. Qxb7 Rb8 26. Qc7 Nxb6 27. axb6
Qc8 28. Rbc4 Qd8 29. b7 Qxc7 30. Rxc7 Rfe8 31. R1c6 Bd4+ 32. Kf1 d5 33. Rc8 Be5
34. Rxe8+ Rxe8 35. Rc8 Kf8 36. b6 e6 37. Bb5 1-0

[Event "Cto Aragón Equipos Pref Gr II"]
[Site "Aragon"]
[Date "2014.02.01"]
[Round "2.72"]
[White "Lanaspa Ballesteros, Federico"]
[Black "Solanas Godes, Beatriz"]
[Result "0-1"]
[WhiteElo "1601"]
[BlackElo "1861"]
[PlyCount "64"]
[EventDate "2014.??.??"]
[WhiteTeam "ONCE CA Aragon B"]
[BlackTeam "St. Casablanca C"]

1. e4 e5 2. Nf3 Nc6 3. Bb5 d6 4. d4 Bd7 5. d5 Nce7 6. Bd3 Nf6 7. Nc3 c6 8. O-O
cxd5 9. exd5 Nexd5 10. Ne4 Nb4 11. Nxf6+ gxf6 12. Bc4 Rc8 13. Bb3 Rg8 14. Be3
Bh3 15. Nh4 Bg4 16. f3 Bd7 17. Bxa7 b6 18. a3 Nc6 19. f4 Nxa7 20. fxe5 dxe5 21.
Qh5 Qe7 22. Qxh7 Rg7 23. Qd3 Bb5 24. c4 Qc5+ 25. Kh1 Bxc4 26. Bxc4 Qxc4 27.
Qxc4 Rxc4 28. Nf5 Rg6 29. h4 Rc2 30. Rg1 Rf2 31. Ne3 Rxb2 32. Rac1 Bc5 0-1

[Event "Cto Aragón Equipos Div Honor Gr I"]
[Site "Aragon"]
[Date "2014.02.08"]
[Round "3.1"]
[White "Forcen Esteban, Daniel"]
[Black "Cifuentes Parada, Roberto"]
[Result "1-0"]
[WhiteElo "2501"]
[BlackElo "2458"]
[PlyCount "63"]
[EventDate "2014.??.??"]
[EventCountry "ESP"]
[WhiteTeam "Jaime Casas"]
[BlackTeam "Jaque"]

1. d4 d5 2. c4 c6 3. e3 Nf6 4. Nf3 e6 5. Bd3 Nbd7 6. Nbd2 Bd6 7. O-O O-O 8. e4
dxe4 9. Nxe4 Nxe4 10. Bxe4 h6 11. Bc2 e5 12. Qd3 f5 13. c5 Bc7 14. dxe5 Nxe5
15. Nxe5 Bxe5 16. Bb3+ Kh7 17. Qe2 Qc7 18. Re1 Bxh2+ 19. Kh1 Bd7 20. g3 Rae8
21. Bf4 Qxf4 22. gxf4 Rxe2 23. Rxe2 Bxf4 24. Re7 Bc8 25. Rae1 b6 26. Rxa7 bxc5
27. Ree7 Kg6 28. Rxg7+ Kf6 29. Rgf7+ Rxf7 30. Rxf7+ Ke5 31. Bc4 Bc1 32. Rc7 1-0

[Event "Cto Aragón Equipos Div Honor Gr I"]
[Site "Aragon"]
[Date "2014.02.08"]
[Round "3.2"]
[White "Accattato Martin, Mario"]
[Black "Garza Marco, Sergio"]
[Result "0-1"]
[WhiteElo "2232"]
[BlackElo "2447"]
[PlyCount "124"]
[EventDate "2014.??.??"]
[EventCountry "ESP"]
[WhiteTeam "Jaque"]
[BlackTeam "Jaime Casas"]

1. e4 c5 2. Nc3 d6 3. g3 g6 4. Bg2 Bg7 5. d3 Nc6 6. Be3 e5 7. Qd2 Nd4 8. Nd5
Be6 9. c3 Bxd5 10. cxd4 cxd4 11. Bxd4 Be6 12. Bc3 Ne7 13. Nf3 f6 14. d4 Bc4 15.
Bf1 Qc8 16. Bxc4 Qxc4 17. Qe2 Rc8 18. Qxc4 Rxc4 19. Nd2 Rc7 20. d5 Bh6 21. Ke2
Rf8 22. Rac1 Kd7 23. Ba5 Rxc1 24. Rxc1 b6 25. Bb4 f5 26. f3 a5 27. Bc3 Ng8 28.
a4 Nf6 29. Rf1 Rc8 30. Kd3 Ke7 31. b4 Bxd2 32. Bxd2 axb4 33. Bxb4 fxe4+ 34.
fxe4 Nxe4 35. Kxe4 Rc4+ 36. Ke3 Rxb4 37. Rc1 Kd7 38. Rf1 Rb3+ 39. Ke4 Rb4+ 40.
Ke3 Ke7 41. Rc1 Rxa4 42. Rc7+ Kf6 43. Rd7 Kf5 44. Rf7+ Kg4 45. Rd7 Rd4 46. Rxd6
b5 47. Rd7 h5 48. Rg7 Kf5 49. Rf7+ Kg5 50. Rd7 b4 51. Rb7 Kg4 52. Rg7 Rxd5 53.
Rxg6+ Kh3 54. Rh6 Kxh2 55. Rxh5+ Kxg3 56. Rg5+ Kh4 57. Rg1 b3 58. Ke4 Rb5 59.
Kd3 b2 60. Rb1 Kg3 61. Ke3 Rb3+ 62. Ke4 Kf2 0-1

[Event "Cto Aragón Equipos Div Honor Gr I"]
[Site "Aragon"]
[Date "2014.02.08"]
[Round "3.3"]
[White "Antoli Royo, Joaquin Miguel"]
[Black "Gonzalez Gambau, Jorge"]
[Result "1-0"]
[WhiteElo "2418"]
[BlackElo "2123"]
[PlyCount "61"]
[EventDate "2014.??.??"]
[EventCountry "ESP"]
[WhiteTeam "Jaime Casas"]
[BlackTeam "Jaque"]

1. e4 c6 2. d4 d5 3. Nc3 dxe4 4. Nxe4 Bf5 5. Nc5 b6 6. Nb3 e6 7. Nf3 Nf6 8. g3
Nbd7 9. Bg2 Qc7 10. O-O Bd6 11. Nbd2 O-O 12. Re1 b5 13. c3 Rac8 14. Qe2 a6 15.
a4 Nb6 16. axb5 axb5 17. Ne5 Nfd5 18. Ndf3 Ra8 19. Bd2 Na4 20. Nh4 Nxb2 21.
Nxf5 exf5 22. Rxa8 Rxa8 23. Bxd5 cxd5 24. Qxb5 Na4 25. Ra1 Bxe5 26. Rxa4 Rb8
27. Qxd5 Bd6 28. Ra6 Rd8 29. c4 Bb4 30. Ra8 Be7 31. Ba5 1-0

[Event "Cto Aragón Equipos Div Honor Gr I"]
[Site "Aragon"]
[Date "2014.02.08"]
[Round "3.4"]
[White "Abos Rosico, Antonio"]
[Black "Ramiro Ovejero, Juan Luis"]
[Result "0-1"]
[WhiteElo "2073"]
[BlackElo "2390"]
[PlyCount "86"]
[EventDate "2014.??.??"]
[EventCountry "ESP"]
[WhiteTeam "Jaque"]
[BlackTeam "Jaime Casas"]

1. e4 c5 2. Nf3 Nc6 3. d4 cxd4 4. Nxd4 e6 5. Nc3 Qc7 6. Be2 a6 7. O-O Bc5 8.
Nxc6 dxc6 9. Na4 Ba7 10. c4 b5 11. Nc3 b4 12. Na4 Nf6 13. a3 c5 14. axb4 cxb4
15. c5 Bb7 16. Be3 O-O 17. f3 Nh5 18. Qc1 f5 19. Bc4 Rae8 20. exf5 Bb8 21. f4
Rxf5 22. Qc2 Rxf4 23. Bxf4 Nxf4 24. Qf5 Ne2+ 25. Kf2 Nd4 26. Qh3 Be4 27. Rae1
Qc6 28. Kg1 Kh8 29. Rf7 Bg6 30. Rf2 Qxa4 31. Bxe6 Qc6 32. Ref1 Qxc5 33. Bd7 Rg8
34. Kh1 h6 35. Be6 Nxe6 36. Qxe6 Qh5 37. h3 Qe5 38. Qxe5 Bxe5 39. Ra1 Rc8 40.
Re2 Bf6 41. Re6 Rc2 42. Raxa6 Bf7 43. Ra8+ Kh7 0-1

[Event "Cto Aragón Equipos Div Honor Gr I"]
[Site "Aragon"]
[Date "2014.02.08"]
[Round "3.5"]
[White "Hefty, Jorge W"]
[Black "Garcia Vicente, Nieves"]
[Result "1/2-1/2"]
[WhiteElo "2342"]
[BlackElo "2239"]
[PlyCount "57"]
[EventDate "2014.??.??"]
[EventCountry "ESP"]
[WhiteTeam "IberCaja"]
[BlackTeam "Caissa-Hnos Cortes"]

1. d4 Nf6 2. c4 e6 3. Nc3 Bb4 4. Bg5 h6 5. Bh4 c5 6. d5 d6 7. e3 Bxc3+ 8. bxc3
e5 9. Bd3 e4 10. Bc2 g5 11. Bg3 Qe7 12. h4 Rg8 13. hxg5 hxg5 14. Qb1 Nbd7 15.
Ne2 Kd8 16. a4 a5 17. Qb5 Ra6 18. Rb1 Nb6 19. Kd2 Qc7 20. Qb3 Qe7 21. Rh6 Nbd7
22. Qb5 Ne5 23. Qb3 Neg4 24. Rhh1 Ne5 25. Qa2 Kc7 26. Rh6 Neg4 27. Rhh1 Ne5 28.
Rh6 Neg4 29. Rhh1 1/2-1/2

[Event "Cto Aragón Equipos Div Honor Gr I"]
[Site "Aragon"]
[Date "2014.02.08"]
[Round "3.6"]
[White "Gil Capape, Marco Antonio"]
[Black "Baron Rodriguez, Jorge"]
[Result "0-1"]
[WhiteElo "2061"]
[BlackElo "2276"]
[PlyCount "69"]
[EventDate "2014.??.??"]
[EventCountry "ESP"]
[WhiteTeam "Caissa-Hnos Cortes"]
[BlackTeam "IberCaja"]

1. e4 c5 2. Nc3 Nc6 3. f4 e6 4. Nf3 d5 5. exd5 exd5 6. Bb5 Nf6 7. d4 Bd6 8.
Qe2+ Be7 9. Be3 c4 10. Ne5 Qc7 11. g4 Bb4 12. Bd2 O-O 13. Bxc6 bxc6 14. g5 Ne8
15. O-O Bxc3 16. Bxc3 a5 17. f5 f6 18. Ng6 hxg6 19. fxg6 Qd7 20. Rf4 fxg5 21.
Rxf8+ Kxf8 22. Rf1+ Nf6 23. Kh1 Qe6 24. Qe5 Kg8 25. Qxg5 Qe4+ 26. Kg1 Qg4+ 27.
Qxg4 Bxg4 28. b3 Bh5 29. bxc4 Bxg6 30. cxd5 cxd5 31. Rb1 Bxc2 32. Rb5 a4 33. a3
Re8 34. Bb4 Re4 35. Bc5 0-1

[Event "Cto Aragón Equipos Div Honor Gr I"]
[Site "Aragon"]
[Date "2014.02.08"]
[Round "3.7"]
[White "Martinez Cebolla, Alberto"]
[Black "Carraminana Lopez, Luis Antoni"]
[Result "1/2-1/2"]
[WhiteElo "2054"]
[BlackElo "2009"]
[PlyCount "45"]
[EventDate "2014.??.??"]
[EventCountry "ESP"]
[WhiteTeam "IberCaja"]
[BlackTeam "Caissa-Hnos Cortes"]

1. e4 c6 2. d4 d5 3. exd5 cxd5 4. Bd3 Nf6 5. c3 Nc6 6. Bf4 Bg4 7. Qb3 Qc8 8.
Nd2 e6 9. Ngf3 Be7 10. O-O O-O 11. Rfe1 Bh5 12. Ne5 Bg6 13. Nxg6 hxg6 14. Nf3
a6 15. a4 Qd8 16. Qxb7 e5 17. Qxc6 Rc8 18. Nxe5 Bd6 19. Qxa6 Ra8 20. Qc6 Rc8
21. Qb5 Rb8 22. Nc6 Qc7 23. Bxd6 1/2-1/2

[Event "Cto Aragón Equipos Div Honor Gr I"]
[Site "Aragon"]
[Date "2014.02.08"]
[Round "3.8"]
[White "Galvez Perez, Jose Luis"]
[Black "Jimenez Fernandez, Alejandro"]
[Result "0-1"]
[WhiteElo "1960"]
[BlackElo "2003"]
[PlyCount "69"]
[EventDate "2014.??.??"]
[EventCountry "ESP"]
[WhiteTeam "Caissa-Hnos Cortes"]
[BlackTeam "IberCaja"]

1. d4 f5 2. e4 fxe4 3. Nc3 Nf6 4. Bg5 Nc6 5. d5 Ne5 6. Qe2 Nf7 7. Bxf6 exf6 8.
Nxe4 Bb4+ 9. c3 Be7 10. d6 cxd6 11. O-O-O O-O 12. Qh5 g6 13. Qd5 f5 14. Ng3 Qb6
15. Nh3 Qc5 16. Bc4 Qxd5 17. Bxd5 Rb8 18. Rhe1 Bf6 19. Bb3 Kg7 20. Kc2 b5 21.
Nf4 Bb7 22. Nd5 Be5 23. Ne2 a5 24. a3 Bc6 25. f4 Bf6 26. Nxf6 Kxf6 27. Bxf7
Kxf7 28. Rxd6 Ke7 29. Red1 b4 30. axb4 axb4 31. c4 Rb6 32. R6d2 Rc8 33. Kb3 Ra8
34. c5 Rb7 35. Re1 0-1